000
00303nam a22001217a 4500
008
180521b xxu||||| |||| 00| 0 eng d
041
_a
eng
080
_a
043.3
100
_a
0
101
_a
MBE-BTH
245
_a
Roli i Rekrutimit dhe seleksionimit të burimeve njerëzore
_c
Durguti,F
942
_2
udc
_c
BK
999
_c
46107
_d
46107